000 00433nmm a2200145Ia 4500
008 251105s9999||||xx |||||||||||||||||und||
041 _aspa
100 _aEspinoza Lolas, Ricardo
245 0 _aAriadna :
_b Una interpretación queer
264 _a[Madrid, España] :
_bHerder Editorial,
_c2023
300 _a192 páginas
650 _aPhilosophy, Ethics
856 _uhttps://public.digitaliapublishing.com/a/128152
942 _cCF
999 _c106886
_d106886